| 000 | 00574nam a22002057a 4500 | ||
|---|---|---|---|
| 003 | OSt | ||
| 008 | 240726b |||||||| |||| 00| 0 eng d | ||
| 082 |
_a305.43 _bS48P |
||
| 100 | _aSingh, Kumudini. | ||
| 245 |
_aPerformance of Women Self Help Groups in Bihar With Special Reference to Saharsa District / _cby Kumudini Singh |
||
| 260 |
_b: RAU _c, 2013 _a.- Pusa, Samastipur |
||
| 300 | _avi,62p. | ||
| 502 | _bM.Sc. | ||
| 650 | _aAgricultural Economics | ||
| 650 | _aWomen | ||
| 650 | _aSelf Help Group | ||
| 650 | _aThesis | ||
| 650 | _aM.Sc. | ||
| 942 |
_2ddc _cDB |
||
| 999 |
_c42441 _d42441 |
||